Földrajz 6 tankönyv az alapiskola 6. osztálya számára 2. rész

Bibliographic Details
Main Authors: Zaťková, Magdaléna (Author), Likavský, Peter, 1962- (Author), Brezovská, Jana (Author), Durmisová, Anna (Author)
Other Authors: Bernáth, Miklós (Translator)
Format: Book
Language:Hungarian
PhysicalDescription:112 s. fareb. fotogr., grafy, ilustr., mp. 24 cm
Published: Bratislava Litera 1998
ISBN:8085452979
Edition:2. mód. kiad.
Subjects:

MARC

LEADER 00000nam a2200000 a 4500
001 vtls001346814
003 SK-MaSNL
005 20260317112344.0
008 240226s1998 xo ab r hun
015 |a SNBA1999/01-00264 
020 |a 8085452979 
035 |a SNK000300061 
035 |a urn:nbn:sk:snk-amkidz 
035 |a urn:nbn:sk:snk-am008h73 
035 |a 1A261177-CBCF-4021-A154-87D008A7B7D8 
040 |a SNK  |b slo  |c SNK  |e AACR2 
041 0 |a hun 
044 |a xo  |c SK 
080 |a 372.891(075.2)=945.11  |2 1981 
130 1 0 |a Zemepis 6  |l Maďarsky  |9 342485 
245 0 0 |a Földrajz 6  |b tankönyv az alapiskola 6. osztálya számára  |n 2. rész  |c [szerzők Magda Zaťková ... [et al.] ; fordította Mikuláš Bernáth] 
246 1 0 |a Zemepis 6 
250 |a 2. mód. kiad. 
260 |a Bratislava  |b Litera  |c 1998 
300 |a 112 s.  |b fareb. fotogr., grafy, ilustr., mp.  |c 24 cm 
500 |a Tir. aj slov. 
500 |a Údaj o aut. a prekl. prevzatý z rubu tit. strany 
650 0 7 |a geografia  |x učebnice zákl. škôl (6. roč.) maď.  |2 SNK  |9 290678 
655 7 |a učebnice  |2 SNK  |9 22521 
700 1 |a Zaťková, Magdaléna  |4 aut  |9 213792 
700 1 |a Bernáth, Miklós  |4 trl  |9 42861 
700 1 |a Likavský, Peter,  |d 1962-  |4 aut  |9 250155 
700 1 |a Brezovská, Jana  |4 aut  |9 43047 
700 1 |a Durmisová, Anna  |4 aut  |9 11247 
730 |t Zemepis 6  |9 342486 
919 |a 80-85452-97-9 
958 |a OND 
958 |a TL 
958 |a OP 
958 |a UX 
958 |a NS 
958 |a HU 
968 |a Mag  |b SLO 
999 |c 587746  |d 589676 
952 |t P60, <09>, [BOOK], {629}  |a SNK  |b SNK  |y NEVYP  |7 0  |o snkC 840  |i snk1563/981102  |0 0  |1 0  |4 0  |d 1998-11-02  |l 0  |r 2005-01-02 00:00:00  |w 2026-02-23 
952 |t P60, <03>, [BOOK], {603}  |a SNK  |b SNK  |y PREZ  |7 0  |p 17A0165774  |o snkSC 96015/2  |i snkKSP 10021/98  |0 0  |1 0  |4 0  |d 1998-11-02  |f 1  |l 0  |r 2025-09-16 00:00:00  |w 2026-02-23 
952 |t P60, <04>, [BOOK], {604}  |a SNK  |b SNK  |y VYP  |7 0  |p 17A0165775  |o snkSC 96015/2 D1  |i snkKSP 10022/98  |0 0  |1 0  |4 0  |d 1998-11-02  |l 0  |r 2005-01-02 00:00:00  |w 2026-02-23